[Event "Oberliga Ost B 2018 2019"]
[Site "?"]
[Date "2018.11.11"]
[Round "3.6"]
[White "Nothnagel, Markus"]
[Black "Ungurean, Florin Ioan"]
[Result "1/2-1/2"]
[WhiteElo "2243"]
[BlackElo "2003"]
[PlyCount "37"]
[EventDate "2018.10.21"]
[EventType "team-tourn"]
[EventCountry "GER"]
[WhiteTeam "Griesheim SV II"]
[BlackTeam "Wiesbadener SV"]
[WhiteTeamCountry "GER"]
[BlackTeamCountry "GER"]

1. b3 d5 2. Bb2 Nf6 3. e3 Bf5 4. f4 e6 5. Nf3 Nbd7 6. Be2 h6 7. O-O Bd6 8. d3
Qe7 9. Ne5 h5 10. h3 h4 11. Nd2 Bc5 12. d4 Ba3 13. Bxa3 Qxa3 14. Qc1 Qxc1 15.
Raxc1 Ne4 16. Nxe4 Bxe4 17. c4 f6 18. Nd3 c6 19. Nf2 1/2-1/2

[Event "Oberliga Ost B 2018 2019"]
[Site "?"]
[Date "2018.11.11"]
[Round "3.7"]
[White "Li, Maxim"]
[Black "Hahn, Werner"]
[Result "0-1"]
[WhiteElo "1929"]
[BlackElo "2165"]
[PlyCount "48"]
[EventDate "2018.10.21"]
[EventType "team-tourn"]
[EventCountry "GER"]
[WhiteTeam "Wiesbadener SV"]
[BlackTeam "Griesheim SV II"]
[WhiteTeamCountry "GER"]
[BlackTeamCountry "GER"]

1. e4 c5 2. Nc3 a6 3. Be2 e6 4. Bf3 Nc6 5. Nge2 Ne5 6. Ng3 Nxf3+ 7. Qxf3 Qc7 8.
O-O Nf6 9. d3 Be7 10. Bd2 d6 11. a4 b6 12. Qe2 Bb7 13. f4 O-O-O 14. Na2 h5 15.
b4 h4 16. Nh1 c4 17. e5 h3 18. Rf3 hxg2 19. Nf2 Bxf3 20. Qxf3 Nd5 21. Qe4 c3
22. Be3 dxe5 23. fxe5 Rh4 24. Qf3 Qxe5 0-1

[Event "Oberliga Ost B 2018 2019"]
[Site "?"]
[Date "2018.11.11"]
[Round "3.1"]
[White "Kuznecovs, Nikita"]
[Black "Henrich, Thomas"]
[Result "1/2-1/2"]
[WhiteElo "2240"]
[BlackElo "2207"]
[PlyCount "119"]
[EventDate "2018.10.21"]
[EventType "team-tourn"]
[EventCountry "GER"]
[WhiteTeam "Stadtilm SG BW"]
[BlackTeam "Marburg SK"]
[WhiteTeamCountry "GER"]
[BlackTeamCountry "GER"]

1. Nf3 Nf6 2. d4 g6 3. e3 Bg7 4. Be2 b6 5. O-O Ba6 6. Bxa6 Nxa6 7. e4 O-O 8.
Qe2 Qc8 9. Bg5 h6 10. Bxf6 exf6 11. Nbd2 Re8 12. Qd3 Nb4 13. Qb3 Nc6 14. Rfe1
d6 15. Qd3 Qd7 16. Re3 d5 17. exd5 Nb4 18. Qc4 Nxd5 19. Rxe8+ Rxe8 20. Re1
Rxe1+ 21. Nxe1 Qe6 22. Kf1 f5 23. c3 Qd6 24. Nd3 a5 25. Qa6 Bf6 26. h3 Kg7 27.
Qa8 Nf4 28. Qf3 Ne6 29. Nc4 Qh2 30. d5 Ng5 31. Qg3 Qxg3 32. fxg3 Ne4 33. g4
fxg4 34. hxg4 Be7 35. Ke2 Nd6 36. Nxd6 Bxd6 37. a4 Kf6 38. b4 h5 39. Kf3 hxg4+
40. Kxg4 axb4 41. cxb4 Bh2 42. Kf3 Bg1 43. Ke4 Ke7 44. g4 Kd6 45. g5 Bh2 46.
Nb2 Ke7 47. Nc4 b5 48. axb5 Bg3 49. Ne5 Be1 50. Kd4 Bd2 51. Nf3 Bxb4 52. Kc4
Bd6 53. Nd2 f6 54. gxf6+ Kxf6 55. Kd4 Kf5 56. Nc4 Bh2 57. Ne3+ Kf4 58. b6 cxb6
59. d6 Kf3 60. d7 1/2-1/2

[Event "Oberliga Ost B 2018 2019"]
[Site "?"]
[Date "2018.11.11"]
[Round "3.2"]
[White "Dorst, Johannes"]
[Black "Siebarth, Raiko"]
[Result "1-0"]
[WhiteElo "2211"]
[BlackElo "2252"]
[PlyCount "67"]
[EventDate "2018.10.21"]
[EventType "team-tourn"]
[EventCountry "GER"]
[WhiteTeam "Marburg SK"]
[BlackTeam "Stadtilm SG BW"]
[WhiteTeamCountry "GER"]
[BlackTeamCountry "GER"]

1. e4 c5 2. Nf3 d6 3. Bb5+ Nd7 4. O-O a6 5. Bd3 b5 6. c4 b4 7. a3 bxa3 8. Rxa3
g6 9. Bc2 e5 10. Nc3 Ne7 11. d3 Bg7 12. Bd2 Bb7 13. Na4 h6 14. Qe1 f5 15. Ba5
Qc8 16. b4 O-O 17. bxc5 dxc5 18. Nc3 g5 19. Nd5 Bxd5 20. cxd5 fxe4 21. dxe4 Ng6
22. Nd2 Rf6 23. Nc4 Rb8 24. Qd2 Ndf8 25. Ba4 Rf4 26. Nd6 Qg4 27. h3 Qh4 28. Nf5
Rxf5 29. exf5 Nf4 30. d6 g4 31. hxg4 Qxg4 32. Bc6 Kh8 33. Re1 Bf6 34. d7 1-0

[Event "Oberliga Ost B 2018 2019"]
[Site "?"]
[Date "2018.11.11"]
[Round "3.3"]
[White "Schneider, Christian"]
[Black "Alber, Horst"]
[Result "0-1"]
[WhiteElo "2204"]
[BlackElo "2287"]
[PlyCount "100"]
[EventDate "2018.10.21"]
[EventType "team-tourn"]
[EventCountry "GER"]
[WhiteTeam "Stadtilm SG BW"]
[BlackTeam "Marburg SK"]
[WhiteTeamCountry "GER"]
[BlackTeamCountry "GER"]

1. e4 g6 2. d4 Bg7 3. Nc3 d6 4. f4 Nf6 5. Nf3 O-O 6. Be3 c5 7. dxc5 Qa5 8. Qd2
dxc5 9. e5 Rd8 10. Bd3 c4 11. exf6 Bxf6 12. Ne4 Qxd2+ 13. Kxd2 Bxb2 14. Rab1
Bg7 15. Ke2 cxd3+ 16. cxd3 b6 17. Rhc1 Be6 18. Rc2 h6 19. Ne5 Rd5 20. Rbc1 Na6
21. Nc6 Bg4+ 22. Kd2 Rd7 23. h3 Be6 24. Ke2 f5 25. Nf2 Bd5 26. Ne5 Bxe5 27.
fxe5 g5 28. g3 Kg7 29. h4 Kg6 30. a3 Rf8 31. hxg5 hxg5 32. Rc8 Rxc8 33. Rxc8
Rc7 34. Rd8 Be6 35. d4 Rc8 36. Rxc8 Bxc8 37. Nd3 Nc7 38. Nb4 Bb7 39. Kf2 a5 40.
Na2 Nd5 41. Bd2 f4 42. Nc3 Kf5 43. Nxd5 Bxd5 44. gxf4 gxf4 45. Bc1 Ke4 46. Bd2
e6 47. Bc1 b5 48. Bd2 b4 49. axb4 Kd3 50. Bxf4 axb4 0-1

[Event "Oberliga Ost B 2018 2019"]
[Site "?"]
[Date "2018.11.11"]
[Round "3.4"]
[White "Rolle, Eric"]
[Black "Siebarth, Marco"]
[Result "0-1"]
[WhiteElo "2215"]
[BlackElo "1989"]
[PlyCount "88"]
[EventDate "2018.10.21"]
[EventType "team-tourn"]
[EventCountry "GER"]
[WhiteTeam "Marburg SK"]
[BlackTeam "Stadtilm SG BW"]
[WhiteTeamCountry "GER"]
[BlackTeamCountry "GER"]

1. e4 c5 2. Nf3 Nc6 3. d4 cxd4 4. Nxd4 Nf6 5. Nc3 e5 6. Ndb5 d6 7. Nd5 Nxd5 8.
exd5 Ne7 9. c4 Nf5 10. Bd3 Nh4 11. O-O Be7 12. Be3 b6 13. f4 a6 14. Nc3 exf4
15. Bxf4 Ng6 16. Bg3 O-O 17. Qh5 Ra7 18. h4 Bd7 19. Ne4 Be8 20. Qf5 Bd7 21. Qf2
Ne5 22. Bxe5 dxe5 23. c5 f5 24. d6 Bxh4 25. Bc4+ Kh8 26. g3 Bf6 27. cxb6 Rb7
28. Nc5 Rb8 29. b7 e4 30. Rad1 Be5 31. Bxa6 f4 32. Nxe4 Bh3 33. Rfe1 fxg3 34.
Qc5 Bf4 35. Bf1 Bg4 36. Rd3 Qh4 37. Qc2 Bf5 38. d7 Bc7 39. Rb3 Bxe4 40. Rxe4
Rxf1+ 41. Kxf1 Rf8+ 42. Kg1 Qh3 43. Qe2 Rf1+ 44. Qxf1 Qh2# 0-1

[Event "Oberliga Ost B 2018 2019"]
[Site "?"]
[Date "2018.11.11"]
[Round "3.5"]
[White "Mehlhorn, Uwe"]
[Black "Duncker, Joachim"]
[Result "1/2-1/2"]
[WhiteElo "2124"]
[BlackElo "2194"]
[PlyCount "102"]
[EventDate "2018.10.21"]
[EventType "team-tourn"]
[EventCountry "GER"]
[WhiteTeam "Stadtilm SG BW"]
[BlackTeam "Marburg SK"]
[WhiteTeamCountry "GER"]
[BlackTeamCountry "GER"]

1. e3 d5 2. Nf3 g6 3. c4 Nf6 4. cxd5 Nxd5 5. Nc3 Bg7 6. h4 h6 7. Qb3 Nb6 8. d4
Nc6 9. Be2 Be6 10. Qc2 Bf5 11. Qb3 Be6 12. Qc2 Bf5 13. Qb3 O-O 14. e4 Bg4 15.
d5 Bxf3 16. Bxf3 Nd4 17. Qd1 e6 18. dxe6 Nxe6 19. g3 Qf6 20. Bg2 Rad8 21. Nd5
Nxd5 22. exd5 Qe5+ 23. Qe2 Qxe2+ 24. Kxe2 Nd4+ 25. Kd3 Nc6 26. Rd1 Rfe8 27. Rb1
b5 28. Be3 Ne5+ 29. Ke2 Nc4 30. b3 Nxe3 31. fxe3 b4 32. Rbc1 Bc3 33. a4 Re7 34.
Rd3 Rd6 35. Rcd1 h5 36. Kf2 Be5 37. e4 Rf6+ 38. Rf3 Kg7 39. Rdd3 Bd6 40. Rxf6
Kxf6 41. Rf3+ Kg7 42. Rd3 Re8 43. Rd1 Kf6 44. Rd3 Be5 45. Rf3+ Ke7 46. Ke3 c6
47. dxc6 Rc8 48. Bf1 Rxc6 49. Bc4 f6 50. Kf2 Rd6 51. Rd3 Rd4 1/2-1/2

[Event "Oberliga Ost B 2018 2019"]
[Site "?"]
[Date "2018.11.11"]
[Round "3.6"]
[White "Neidhardt, Helge"]
[Black "Neubauer, Andreas"]
[Result "0-1"]
[WhiteElo "2108"]
[BlackElo "2170"]
[PlyCount "78"]
[EventDate "2018.10.21"]
[EventType "team-tourn"]
[EventCountry "GER"]
[WhiteTeam "Marburg SK"]
[BlackTeam "Stadtilm SG BW"]
[WhiteTeamCountry "GER"]
[BlackTeamCountry "GER"]

1. d4 Nf6 2. Nf3 e6 3. c4 b6 4. a3 Bb7 5. Nc3 d5 6. cxd5 exd5 7. Qa4+ c6 8. Bg5
Be7 9. e3 O-O 10. Bd3 c5 11. O-O c4 12. Bf5 a6 13. Ne5 g6 14. Bh3 Kg7 15. Rad1
b5 16. Qc2 Ne4 17. Bxe7 Qxe7 18. g3 Nxc3 19. Qxc3 f6 20. Nf3 a5 21. Rfe1 f5 22.
Ne5 b4 23. axb4 axb4 24. Qc1 Nc6 25. f4 Ra2 26. Bg2 Nxe5 27. dxe5 c3 28. bxc3
d4 29. Bxb7 Qxb7 30. Rd2 Rxd2 31. Qxd2 dxc3 32. Qd4 Qe4 33. Qc5 c2 34. Ra1 Rf7
35. e6 Rb7 36. Ra8 Kh6 37. Rc8 b3 38. g4 b2 39. Qf8+ Rg7 0-1

[Event "Oberliga Ost B 2018 2019"]
[Site "?"]
[Date "2018.11.11"]
[Round "3.7"]
[White "Dittrich, Tom"]
[Black "Nekhamkis, Genadi"]
[Result "0-1"]
[WhiteElo "1898"]
[BlackElo "2136"]
[PlyCount "132"]
[EventDate "2018.10.21"]
[EventType "team-tourn"]
[EventCountry "GER"]
[WhiteTeam "Stadtilm SG BW"]
[BlackTeam "Marburg SK"]
[WhiteTeamCountry "GER"]
[BlackTeamCountry "GER"]

1. e4 d5 2. exd5 Nf6 3. Bb5+ Bd7 4. Be2 Nxd5 5. d4 Bf5 6. Nf3 e6 7. a3 Be7 8.
O-O O-O 9. c4 Nf6 10. Nc3 c6 11. Nh4 Bg6 12. Nxg6 hxg6 13. Be3 Qc7 14. Qb3 Nbd7
15. Rad1 Rfd8 16. d5 exd5 17. cxd5 Nc5 18. Qc4 b5 19. Qa2 Nxd5 20. Nxd5 cxd5
21. Rxd5 Rxd5 22. Qxd5 Rd8 23. Qf3 a6 24. Bf4 Bd6 25. Rd1 Ne6 26. Bxd6 Rxd6 27.
Rxd6 Qxd6 28. Qd3 Qe5 29. Bg4 Qxb2 30. h3 Qd4 31. Qc2 Qd6 32. Qc8+ Kh7 33. Bxe6
Qxe6 34. Qc3 Qb6 35. Qg3 a5 36. Qh4+ Kg8 37. Qe7 b4 38. Qe8+ Kh7 39. axb4 axb4
40. Qxf7 b3 41. Qc4 g5 42. Qd3+ Kh8 43. Qe2 b2 44. Qh5+ Qh6 45. Qe8+ Kh7 46.
Qb5 Qf6 47. Qb3 Qd4 48. Qc2+ g6 49. Qb3 Kg7 50. Qb7+ Kf6 51. Qc6+ Ke5 52. Qb5+
Kd6 53. Qb3 Kc5 54. Qa3+ Kc4 55. Qa6+ Kc3 56. Qc6+ Kb3 57. Qe6+ Kc3 58. Qc6+
Kd2 59. Qb5 Qc3 60. Qxg5+ Kd1 61. Qg4+ Kc1 62. Qg5+ Qd2 63. Qc5+ Kd1 64. Qb5
Qc1 65. Qd3+ Ke1 66. Qe4+ Kd2+ 0-1

[Event "Oberliga Ost B 2018 2019"]
[Site "?"]
[Date "2018.11.11"]
[Round "3.8"]
[White "Lehmann, Stefan"]
[Black "Wolf, Philipp"]
[Result "1-0"]
[WhiteElo "2005"]
[BlackElo "1922"]
[PlyCount "71"]
[EventDate "2018.10.21"]
[EventType "team-tourn"]
[EventCountry "GER"]
[WhiteTeam "Marburg SK"]
[BlackTeam "Stadtilm SG BW"]
[WhiteTeamCountry "GER"]
[BlackTeamCountry "GER"]

1. e4 c5 2. Nc3 e6 3. Nf3 Nc6 4. Bb5 Nge7 5. O-O g6 6. d4 cxd4 7. Nxd4 Bg7 8.
Be3 O-O 9. Qd2 a6 10. Be2 b5 11. Rad1 Bb7 12. Nb3 b4 13. Na4 d5 14. Bb6 Qb8 15.
Bc5 Rd8 16. Qg5 h6 17. Qh4 g5 18. Qh3 Ng6 19. Qe3 Nf4 20. Rfe1 dxe4 21. Bf1 Qe5
22. Nb6 Rxd1 23. Rxd1 Nd5 24. Qe1 Rd8 25. Nc4 Qb8 26. Qxe4 Ne5 27. Nxe5 Bxe5
28. h3 Rc8 29. Bd3 Nf6 30. Qxb4 Qa8 31. Bf1 Bxb2 32. Na5 Bd5 33. Qxb2 Rxc5 34.
Qxf6 Rxa5 35. c4 Be4 36. Rd8+ 1-0

[Event "Oberliga Ost B 2018 2019"]
[Site "?"]
[Date "2018.11.11"]
[Round "3.1"]
[White "Konopka, Michal"]
[Black "Schmidt Schaeffer, Sebastian"]
[Result "1/2-1/2"]
[WhiteElo "2367"]
[BlackElo "2356"]
[PlyCount "108"]
[EventDate "2018.10.21"]
[EventType "team-tourn"]
[EventCountry "GER"]
[WhiteTeam "Schoeneck SF"]
[BlackTeam "Naumburger SV"]
[WhiteTeamCountry "GER"]
[BlackTeamCountry "GER"]

1. Nf3 d5 2. d4 e6 3. c4 c6 4. g3 f5 5. Bg2 Nf6 6. O-O Bd6 7. b3 Qe7 8. Bb2 O-O
9. Qc1 b6 10. Ba3 Bb7 11. Bxd6 Qxd6 12. Qa3 c5 13. Nbd2 Na6 14. Rac1 Rad8 15.
Rfd1 Ne4 16. e3 Nb4 17. Ne5 a5 18. Ndf3 cxd4 19. exd4 f4 20. c5 Qc7 21. Bh3
fxg3 22. fxg3 bxc5 23. dxc5 Rf6 24. Qb2 Rdf8 25. a3 Nc6 26. Rf1 Ba6 27. Rfe1
Kh8 28. Bg2 Nxe5 29. Qxe5 Qa7 30. b4 h6 31. Nd4 Nf2 32. Qd6 Nd3 33. Nc6 Qa8 34.
Ne5 Nxc1 35. Rxc1 axb4 36. axb4 Bb5 37. c6 Qa3 38. Qc5 Bc4 39. Rd1 Qb3 40. Qd4
Be2 41. Rc1 Rc8 42. Nd7 Rxc6 43. Ra1 Qc3 44. Ra8+ Kh7 45. Be4+ dxe4 46. Qxe4+
g6 47. Nxf6+ Qxf6 48. Ra7+ Kg8 49. Ra8+ Kg7 50. Ra7+ Kg8 51. Qxe2 Rc1+ 52. Kg2
Qf5 53. Ra8+ Kg7 54. Ra7+ Kg8 1/2-1/2

[Event "Oberliga Ost B 2018 2019"]
[Site "?"]
[Date "2018.11.11"]
[Round "3.2"]
[White "Heinrich, Julius Tobias"]
[Black "Marchio, Enrico"]
[Result "0-1"]
[WhiteElo "2095"]
[BlackElo "2297"]
[PlyCount "72"]
[EventDate "2018.10.21"]
[EventType "team-tourn"]
[EventCountry "GER"]
[WhiteTeam "Naumburger SV"]
[BlackTeam "Schoeneck SF"]
[WhiteTeamCountry "GER"]
[BlackTeamCountry "GER"]

1. e4 d5 2. Nc3 d4 3. Nce2 e5 4. Ng3 Be6 5. Bb5+ Nd7 6. Qe2 Ngf6 7. Nf3 Bd6 8.
Ng5 O-O 9. Nxe6 fxe6 10. Bc4 Qe8 11. O-O Kh8 12. d3 a6 13. a3 b5 14. Ba2 c5 15.
Bd2 Qe7 16. c3 Rac8 17. Rac1 dxc3 18. Bxc3 Nb6 19. Bd2 Nfd7 20. Qg4 c4 21. dxc4
Nxc4 22. Bc3 Ndb6 23. b4 Rf4 24. Qe2 Nxa3 25. Nh5 Rff8 26. f4 Nac4 27. fxe5
Bxe5 28. Bxe5 Nxe5 29. Rxc8 Rxc8 30. Nf4 Nbc4 31. Qh5 Kg8 32. Qh3 Rc6 33. Rd1
h6 34. Kh1 Qf6 35. Nh5 Qg5 36. Ng3 Ng4 0-1

[Event "Oberliga Ost B 2018 2019"]
[Site "?"]
[Date "2018.11.11"]
[Round "3.3"]
[White "Heinatz, Thomas"]
[Black "Haertig, Jens"]
[Result "1-0"]
[WhiteElo "2294"]
[BlackElo "2139"]
[PlyCount "81"]
[EventDate "2018.10.21"]
[EventType "team-tourn"]
[EventCountry "GER"]
[WhiteTeam "Schoeneck SF"]
[BlackTeam "Naumburger SV"]
[WhiteTeamCountry "GER"]
[BlackTeamCountry "GER"]

1. e4 c5 2. Nf3 d6 3. Bc4 Nf6 4. d3 e6 5. Bb3 Be7 6. O-O O-O 7. c3 Nc6 8. Re1
e5 9. Nbd2 Be6 10. Bc2 h6 11. a3 Qc7 12. h3 Rac8 13. Nc4 b5 14. Ne3 Nd4 15.
cxd4 cxd4 16. Re2 dxe3 17. Bxe3 a6 18. d4 Bc4 19. Rd2 Qb8 20. Nh4 Be6 21. Qf3
Nh7 22. Nf5 Bxf5 23. exf5 Bf6 24. Bb3 Ng5 25. Qg4 Kh8 26. dxe5 dxe5 27. h4 Nh7
28. Rad1 Be7 29. Qh3 Nf6 30. g4 Ne4 31. Rd7 Nc5 32. Rxe7 Nxb3 33. Ba7 Qa8 34.
Qxb3 Qe4 35. f3 Qe2 36. Bf2 Rc2 37. Rf1 Rxb2 38. Qe3 Qc4 39. Qxe5 Rd2 40. Re8
Rd8 41. Rxf8+ 1-0

[Event "Oberliga Ost B 2018 2019"]
[Site "?"]
[Date "2018.11.11"]
[Round "3.4"]
[White "Will, Matthias"]
[Black "Nazarenus, Moritz"]
[Result "1/2-1/2"]
[WhiteElo "2006"]
[BlackElo "2269"]
[PlyCount "42"]
[EventDate "2018.10.21"]
[EventType "team-tourn"]
[EventCountry "GER"]
[WhiteTeam "Naumburger SV"]
[BlackTeam "Schoeneck SF"]
[WhiteTeamCountry "GER"]
[BlackTeamCountry "GER"]

1. Nf3 d5 2. c4 e6 3. g3 Nf6 4. Bg2 Be7 5. O-O O-O 6. b3 a5 7. Bb2 b6 8. d4 Ba6
9. Nbd2 a4 10. Ne5 Bb7 11. Re1 Nbd7 12. e4 Nxe5 13. dxe5 Nxe4 14. Nxe4 dxe4 15.
Qc2 axb3 16. axb3 Bb4 17. Rxa8 Qxa8 18. Ra1 Qd8 19. Rd1 Qa8 20. Ra1 Qd8 21. Rd1
Qa8 1/2-1/2

[Event "Oberliga Ost B 2018 2019"]
[Site "?"]
[Date "2018.11.11"]
[Round "3.5"]
[White "Meyer, Kai Christian"]
[Black "Roessler, Bernd"]
[Result "0-1"]
[WhiteElo "2214"]
[BlackElo "2024"]
[PlyCount "94"]
[EventDate "2018.10.21"]
[EventType "team-tourn"]
[EventCountry "GER"]
[WhiteTeam "Schoeneck SF"]
[BlackTeam "Naumburger SV"]
[WhiteTeamCountry "GER"]
[BlackTeamCountry "GER"]

1. c4 Nf6 2. Nc3 g6 3. g3 c6 4. Bg2 Bg7 5. Nf3 O-O 6. O-O d5 7. d4 b6 8. Ne5
Bb7 9. e4 dxe4 10. Nxe4 Nxe4 11. Bxe4 Qc8 12. Qe2 Rd8 13. Rd1 Nd7 14. f4 Nxe5
15. fxe5 f6 16. Bf4 fxe5 17. Bxe5 Bxe5 18. dxe5 Qc7 19. Qe3 Qxe5 20. Rd3 Rxd3
21. Qxd3 Qd6 22. c5 Qxc5+ 23. Kh1 Qd6 24. Qb3+ Kg7 25. Qc3+ Qf6 26. Qd3 Qe5 27.
Bg2 Qc7 28. Qe4 e5 29. h4 Rb8 30. Re1 c5 31. Qxe5+ Qxe5 32. Rxe5 Bxg2+ 33. Kxg2
Kf6 34. Re2 Rb7 35. Kf3 Rd7 36. Re3 Re7 37. Ra3 Ke5 38. Rd3 Rf7+ 39. Ke3 Re7
40. Rd8 Ke6 41. b3 Rd7 42. Rh8 Kd5 43. Kd3 Kc6+ 44. Kc3 Rf7 45. a4 Rf3+ 46. Kb2
Rf7 47. Kc3 h5 0-1

[Event "Oberliga Ost B 2018 2019"]
[Site "?"]
[Date "2018.11.11"]
[Round "3.6"]
[White "Schlag, Andreas"]
[Black "Del Rio, Roland"]
[Result "1/2-1/2"]
[WhiteElo "2118"]
[BlackElo "2205"]
[PlyCount "67"]
[EventDate "2018.10.21"]
[EventType "team-tourn"]
[EventCountry "GER"]
[WhiteTeam "Naumburger SV"]
[BlackTeam "Schoeneck SF"]
[WhiteTeamCountry "GER"]
[BlackTeamCountry "GER"]

1. e4 c5 2. Nf3 d6 3. d4 cxd4 4. Nxd4 Nf6 5. Nc3 a6 6. Bg5 e6 7. Bc4 Be7 8. Bb3
O-O 9. O-O Nbd7 10. Be3 Nc5 11. f3 Qc7 12. a3 Nxb3 13. Nxb3 b5 14. Qe2 Bb7 15.
Qf2 Nd7 16. Rad1 Rab8 17. Ba7 Rbc8 18. Bd4 Rfd8 19. Qg3 Bf6 20. Bxf6 Nxf6 21.
Rd2 d5 22. Qxc7 Rxc7 23. Rfd1 Rdc8 24. e5 Nd7 25. f4 Nb6 26. Na5 Ba8 27. Kf2
Rc5 28. Nb3 Rc4 29. g3 b4 30. axb4 Rxb4 31. Na2 Ra4 32. Nc3 Rb4 33. Na2 Ra4 34.
Nc3 1/2-1/2

[Event "Oberliga Ost B 2018 2019"]
[Site "?"]
[Date "2018.11.11"]
[Round "3.8"]
[White "Reichelt, Holger"]
[Black "Drebes, Guenter"]
[Result "1/2-1/2"]
[WhiteElo "1822"]
[BlackElo "2018"]
[PlyCount "24"]
[EventDate "2018.10.21"]
[EventType "team-tourn"]
[EventCountry "GER"]
[WhiteTeam "Naumburger SV"]
[BlackTeam "Schoeneck SF"]
[WhiteTeamCountry "GER"]
[BlackTeamCountry "GER"]

1. d4 Nf6 2. Nf3 g6 3. g3 Bg7 4. Bg2 O-O 5. O-O d6 6. Nbd2 c6 7. e4 Qc7 8. c3
e5 9. dxe5 dxe5 10. Qc2 Bg4 11. h3 Bxf3 12. Nxf3 Nbd7 1/2-1/2

[Event "Oberliga Ost B 2018 2019"]
[Site "?"]
[Date "2018.11.11"]
[Round "3.1"]
[White "Kuenstler, Christian"]
[Black "Strache, Michael"]
[Result "1/2-1/2"]
[WhiteElo "2294"]
[BlackElo "2258"]
[PlyCount "196"]
[EventDate "2018.10.21"]
[EventType "team-tourn"]
[EventCountry "GER"]
[WhiteTeam "Neuberg SF"]
[BlackTeam "Sangerhausen SV"]
[WhiteTeamCountry "GER"]
[BlackTeamCountry "GER"]

1. d4 f5 2. Bg5 g6 3. Nc3 Bg7 4. Nf3 Nf6 5. h4 d5 6. e3 Be6 7. Ne5 Nbd7 8. Nxd7
Qxd7 9. Bf4 O-O 10. Be2 h5 11. f3 a6 12. Qd2 c5 13. Nd1 Rac8 14. Nf2 Qe8 15. c3
Kh8 16. Rg1 Bd7 17. Nd3 b6 18. Ne5 Bb5 19. Bxb5 axb5 20. Qe2 b4 21. cxb4 Nd7
22. bxc5 Nxe5 23. dxe5 Rxc5 24. Rd1 Qc6 25. Rd2 Qe6 26. Kf2 Bxe5 27. Qd3 Kh7
28. Bxe5 Qxe5 29. Qd4 Qh2 30. Qf4 Qxf4 31. exf4 Ra8 32. Re1 Ra7 33. Re6 Rb7 34.
b4 Rc4 35. a3 d4 36. g4 fxg4 37. fxg4 hxg4 38. Kg3 Kg7 39. Kxg4 Kf7 40. Re5 Rd7
41. h5 gxh5+ 42. Rxh5 Rd6 43. Rd3 Rc3 44. Rhh3 Rxd3 45. Rxd3 Ke6 46. Kf3 Kd5
47. Rd1 Re6 48. a4 Re3+ 49. Kf2 Rb3 50. a5 Rxb4 51. Ra1 Rb2+ 52. Kf3 Rb3+ 53.
Kf2 bxa5 54. Rxa5+ Kc4 55. Re5 Rb7 56. Ke2 d3+ 57. Kd2 Rb2+ 58. Kd1 Kc3 59.
Rc5+ Kd4 60. Rc7 e6 61. Rc6 Re2 62. Rd6+ Kc4 63. Rd8 Kc3 64. Rc8+ Kd4 65. Re8
Kd5 66. Kc1 Rf2 67. Rd8+ Kc4 68. Rd6 Re2 69. Kd1 Kc3 70. Rc6+ Kd4 71. Rd6+ Kc4
72. Rd8 Re4 73. Rd6 Kc3 74. Rc6+ Kd4 75. Kd2 Kd5 76. Rc3 Rd4 77. Rc1 Ke4 78.
Re1+ Kf5 79. Re5+ Kf6 80. Re3 Rxf4 81. Rxd3 Ke5 82. Ke2 Rh4 83. Ra3 Rh2+ 84.
Ke1 Kf4 85. Rb3 e5 86. Ra3 Rg2 87. Rb3 Rg3 88. Rxg3 Kxg3 89. Ke2 Kf4 90. Kf2
Ke4 91. Ke2 Kd4 92. Kd2 e4 93. Ke2 e3 94. Ke1 Ke5 95. Ke2 Ke4 96. Ke1 Kd3 97.
Kd1 e2+ 98. Ke1 Ke3 1/2-1/2

[Event "Oberliga Ost B 2018 2019"]
[Site "?"]
[Date "2018.11.11"]
[Round "3.2"]
[White "Engelmann, Jakob"]
[Black "Wahedi, Ahmad Siar"]
[Result "1/2-1/2"]
[WhiteElo "2281"]
[BlackElo "2285"]
[PlyCount "109"]
[EventDate "2018.10.21"]
[EventType "team-tourn"]
[EventCountry "GER"]
[WhiteTeam "Sangerhausen SV"]
[BlackTeam "Neuberg SF"]
[WhiteTeamCountry "GER"]
[BlackTeamCountry "GER"]

1. c4 Nf6 2. g3 e6 3. Bg2 d5 4. Nf3 dxc4 5. O-O a6 6. Qc2 c5 7. a4 Nc6 8. Na3
b5 9. b3 Nb4 10. Qb1 cxb3 11. axb5 axb5 12. Qxb3 Bb7 13. Bb2 Bd5 14. Qc3 Rb8
15. d3 Be7 16. g4 O-O 17. g5 Ne8 18. e4 Ba8 19. Rad1 Nc6 20. Qc1 Nd4 21. Nxd4
cxd4 22. f4 e5 23. h4 f6 24. Bh3 Nc7 25. fxe5 fxe5 26. Rxf8+ Bxf8 27. Qc2 Bb7
28. Rc1 Bd6 29. Qb3+ Kh8 30. Qf7 Bc8 31. Bf5 g6 32. Bxc8 Qxc8 33. Qf6+ Kg8 34.
Qxd6 Qg4+ 35. Kh1 Qxh4+ 36. Kg1 Qxg5+ 37. Kh1 Qh4+ 38. Kg1 Qg3+ 39. Kh1 Rf8 40.
Qxc7 Qf3+ 41. Kg1 Qf2+ 42. Kh1 Qxb2 43. Qc5 Qd2 44. Qd5+ Rf7 45. Rc8+ Kg7 46.
Qxe5+ Kh6 47. Qh2+ Qxh2+ 48. Kxh2 Rf3 49. Nxb5 Rxd3 50. Rd8 Kg5 51. Nxd4 Kf6
52. Kg2 Ke5 53. Nf3+ Kxe4 54. Ng5+ Ke3 55. Rxd3+ 1/2-1/2

[Event "Oberliga Ost B 2018 2019"]
[Site "?"]
[Date "2018.11.11"]
[Round "3.3"]
[White "Lutz, Klaus Juergen"]
[Black "Heyder, Florian"]
[Result "1/2-1/2"]
[WhiteElo "2219"]
[BlackElo "2218"]
[PlyCount "85"]
[EventDate "2018.10.21"]
[EventType "team-tourn"]
[EventCountry "GER"]
[WhiteTeam "Neuberg SF"]
[BlackTeam "Sangerhausen SV"]
[WhiteTeamCountry "GER"]
[BlackTeamCountry "GER"]

1. e4 e6 2. d4 d5 3. Nc3 Bb4 4. exd5 exd5 5. Qf3 Qe7+ 6. Nge2 Nc6 7. Be3 Nf6 8.
h3 Ne4 9. a3 Bxc3+ 10. bxc3 O-O 11. Nf4 Nxc3 12. Nxd5 Nxd5 13. Qxd5 Rd8 14. Qc5
Qxc5 15. dxc5 Bf5 16. Ra2 Nd4 17. Bd3 Bxd3 18. cxd3 b6 19. cxb6 axb6 20. Kd2
Ne6 21. Rb1 Rd5 22. Rb3 f5 23. f4 Kf7 24. Rab2 Kf6 25. g4 h6 26. Rb5 Rad8 27.
Rxd5 Rxd5 28. Rb4 g6 29. a4 fxg4 30. hxg4 Nc5 31. Bxc5 Rxc5 32. d4 Rc6 33. Kd3
Rc1 34. Ke4 Re1+ 35. Kf3 Rf1+ 36. Ke4 Re1+ 37. Kf3 h5 38. gxh5 gxh5 39. Rb5
Rf1+ 40. Ke4 Re1+ 41. Kf3 Rf1+ 42. Ke4 Re1+ 43. Kf3 1/2-1/2

[Event "Oberliga Ost B 2018 2019"]
[Site "?"]
[Date "2018.11.11"]
[Round "3.4"]
[White "Hillmann, Michael"]
[Black "Seifert, Christopher"]
[Result "0-1"]
[WhiteElo "2167"]
[BlackElo "2327"]
[PlyCount "86"]
[EventDate "2018.10.21"]
[EventType "team-tourn"]
[EventCountry "GER"]
[WhiteTeam "Sangerhausen SV"]
[BlackTeam "Neuberg SF"]
[WhiteTeamCountry "GER"]
[BlackTeamCountry "GER"]

1. d4 c5 2. e3 Nf6 3. Nf3 g6 4. Be2 Bg7 5. O-O b6 6. c3 O-O 7. b4 Qc7 8. Qb3 d6
9. Nbd2 Be6 10. Bc4 Bxc4 11. Qxc4 Nbd7 12. Bb2 Rfc8 13. Rac1 d5 14. Qe2 c4 15.
a4 Qc6 16. Ra1 Re8 17. Ne5 Nxe5 18. dxe5 Ne4 19. f4 Nxd2 20. Qxd2 f6 21. exf6
exf6 22. Rf3 f5 23. Kf2 Re4 24. h3 Rd8 25. Qc2 h6 26. g3 Qe6 27. h4 Bf6 28. Re1
Kg7 29. Kg2 Qc6 30. Kf2 Kf7 31. Rd1 Qe6 32. Qd2 Qd7 33. Ra1 g5 34. fxg5 hxg5
35. hxg5 Bxg5 36. Rh1 Kg6 37. Qd1 Re7 38. Bc1 Rh7 39. Rxh7 Qxh7 40. Qg1 Rh8 41.
Ke2 Qe7 42. Rf1 Qe4 43. Rd1 Bf6 0-1